نے شگوفے / (Record no. 106957)
[ view plain ]
| 000 -LEADER | |
|---|---|
| fixed length control field | 00869nam a22002537a 4500 |
| 005 - DATE AND TIME OF LATEST TRANSACTION | |
| control field | 20170123162319.0 |
| 010 ## - LIBRARY OF CONGRESS CONTROL NUMBER | |
| LC control number | A-353083 |
| 020 ## - INTERNATIONAL STANDARD BOOK NUMBER | |
| Terms of availability | 35.00 |
| 035 ## - SYSTEM CONTROL NUMBER | |
| System control number | A-353083 |
| 037 ## - SOURCE OF ACQUISITION | |
| Source of stock number/acquisition | Cen Lib/Ret |
| 040 ## - CATALOGING SOURCE | |
| Original cataloging agency | DPL |
| Language of cataloging | UR |
| 082 ## - DEWEY DECIMAL CLASSIFICATION NUMBER | |
| Classification number | 841 |
| Item number | ک پ و |
| 100 ## - MAIN ENTRY--PERSONAL NAME | |
| Personal name | کپور، کنہیا لال |
| 9 (RLIN) | 116237 |
| 245 ## - TITLE STATEMENT | |
| Title | نے شگوفے / |
| Statement of responsibility, etc | کنہیا لال کپور |
| 246 ## - VARYING FORM OF TITLE | |
| Title proper/short title | Nae shugoofay / |
| Remainder of title | by Kanhaiya Lal Kapoor |
| 260 ## - PUBLICATION, DISTRIBUTION, ETC. (IMPRINT) | |
| Place of publication, distribution, etc | نیی دہلی |
| Name of publisher, distributor, etc | سلوچہ پبلیکیشنز |
| Date of publication, distribution, etc | 1988 |
| 270 ## - ADDRESS | |
| City | نیی دہلی |
| Address | ٤١، ڈی . گلموہر پارک |
| Postal code | 110049 |
| 300 ## - PHYSICAL DESCRIPTION | |
| Extent | 192p. |
| Dimensions | 17cm(Hb) |
| 650 ## - SUBJECT ADDED ENTRY--TOPICAL TERM | |
| Topical term or geographic name as entry element | ادب - اردو |
| Form subdivision | |
| 9 (RLIN) | 116238 |
| 650 ## - SUBJECT ADDED ENTRY--TOPICAL TERM | |
| Topical term or geographic name as entry element | سماجی طنز -- اردو شاعری |
| 9 (RLIN) | 112107 |
| 650 ## - SUBJECT ADDED ENTRY--TOPICAL TERM | |
| Topical term or geographic name as entry element | Literature -- Urdu |
| 9 (RLIN) | 116239 |
| 650 ## - SUBJECT ADDED ENTRY--TOPICAL TERM | |
| Topical term or geographic name as entry element | Urdu poetry -- Social satires |
| 9 (RLIN) | 116240 |
| 942 ## - ADDED ENTRY ELEMENTS (KOHA) | |
| Source of classification or shelving scheme | Dewey Decimal Classification |
| Koha item type | Urdu Bks |
| Classification part | 841 |
| Call number suffix | ک پ و |
| Withdrawn status | Lost status | Damaged status | Not for loan | Home library | Current library | Date acquired | Source of acquisition | Cost, normal purchase price | Total Checkouts | Full call number | Barcode | Date last seen | Copy number | Cost, replacement price | Price effective from | Koha item type |
|---|---|---|---|---|---|---|---|---|---|---|---|---|---|---|---|---|
| Central Library | Central Library | 31/12/2015 | Cen Lib/Ret | 35.00 | 841 ک پ و | A-353083 | 31/12/2015 | 1 | 35.00 | 31/12/2015 | Urdu Bks |
